000 00567nam a2200157 i 4500
001 29203
003 ES-MaACL
005 20230906154005.0
007 t|
008 030121s1972 sp ||||1| spa d
100 1 _aBallarin Cornel, Angel.
_924975
245 1 0 _aCivilización pirenaica
_b: vestigios ancestrales, toponimia, leyendas, refranes, adivinanzas y dichos /
_cAngel Ballarin Cornel.
260 _a[S.l. :
_bs.n.,
_c1972] (
_eZaragoza :
_fTall. Gráf. "La Editorial")
300 _a187 p., 7 lám. :
_b4 map. ;
_c22 cm.
852 _aES-MaACL
_jC-45638
_bR.81315
999 _c29203
_d29203